000 00237nam a22000857a 4500
008 160713b xxu||||| |||| 00| 0 eng d
100 _92744
_a Bradley, S
245 _aThe American Tradition Literature
260 _aN.Y
_b W.W.Norton & Com.
_c1962
999 _c2383
_d2383